000 01509nam a22003857a 4500
003 CHAP
005 20220329134956.0
008 971013s1978 r 00010 d
010 _a28938
011 _a29910
035 _a34021
040 _cCHAP
090 _aTesis
100 0 0 _aLegorreta Millán, Ana Luz.
_965672
245 _aDinámica de población de la familia (Noctuidae) y las especies : (Agrotis malefida Guenée), (Pseudaletia unipuncta Haw.), (Spodoptera frugiperda J. E. Smith) y (Heliothis zea Boddie) capturados con lámpara trampa en el Campo Agrícola Experimental d
260 _aMonterrey, N.L. :
_bEl autor,
_c1978
300 _a71 h.
502 _aTesis (Ing. Agr. Fitotecnista) -- Univ. Autónoma de Nuevo León. Fac. de Agronomía
590 _aALEPH
_b10
_c20130110
_lUCH01
_h1250
590 _aBATCH-UPD
_b10
_c20130110
_lUCH01
_h0252
590 _aBATCH-UPD
_b10
_c20130110
_lUCH01
_h1700
590 _aBATCH-UPD
_b10
_c20130409
_lUCH01
_h2322
590 _aBATCH-UPD
_b10
_c20130410
_lUCH01
_h1355
590 _aBATCH-UPD
_b10
_c20130914
_lUCH01
_h1557
590 _aCONVERSION
_b10
_c20130109
_lUCH01
_h1317
650 1 4 _aGusano cogollero del maíz.
_951561
650 1 4 _aHeliothis (Helicoverpa) zea.
_953438
650 1 4 _aLuz
_xEfecto en insectos.
_969235
650 1 4 _aMaíz
_xPlagas.
_971034
650 1 4 _aPseudaletia unipuncta.
_992556
650 1 4 _aRepelentes y atrayentes de insectos.
_995985
901 _aBK
942 _cTESIS
949 _bBC
_cTES
_d-78871
_eTS1
_i34021
_si
999 _c28938
_d28938